El nacimiento de la hebra

-д хадгалсан:
Номзүйн дэлгэрэнгүй
Үндсэн зохиолч: Marchant, Julieta (autora)
Формат: Ном
Хэл сонгох:испани
Хэвлэсэн: Santiago Edicola 2015
Хэвлэл:1a. ed
Цуврал:Colección Callejera
Нөхцлүүд:
Шошгууд: Шошго нэмэх
Шошго байхгүй, Энэхүү баримтыг шошголох эхний хүн болох!

MARC

LEADER 00000cam a2200000 a 4500
001 UCD7203
003 CL-VaPUC
008 170309e20150800cl |||||||||||||||||spa|d
020 |a 9789569277245 
082 0 4 |a Ch861  |b MAR  |2 21 
100 |a Marchant, Julieta  |e autora  |9 591121 
245 1 3 |a El nacimiento de la hebra 
250 |a 1a. ed 
300 |a 52 p 
942 |c BK 
945 |d 20170309 22:28:00  |a arojas 
260 |a Santiago  |b Edicola  |c 2015 
650 0 |a Poesías chilenas   |9 265280 
650 0 |a Literatura chilena   |9 308278 
650 0 |a Poetas chilenos  |9 326722 
583 |a last modification  |c 20170309 22:28:00  |k Rodrigo Vera 
490 0 |a Colección Callejera 
999 |c 367272  |d 367270 
952 |0 0  |1 0  |3 erb  |4 0  |6 CH_861_000000000000000_MAR_2015  |7 0  |8 A  |9 482078  |a BIBART  |b BIBART  |i 5364582  |o Ch861 MAR 2015  |p 5364582  |r 2025-03-13  |w 2019-11-24  |y BK  |z Catalogado en:20170309  |k ART